World geography / (Record no. 4695)
[ view plain ]
| 000 -LEADER | |
|---|---|
| fixed length control field | 00512cam a2200169 i 4500 |
| 005 - DATE AND TIME OF LATEST TRANSACTION | |
| control field | 20250901165501.0 |
| 008 - FIXED-LENGTH DATA ELEMENTS--GENERAL INFORMATION | |
| fixed length control field | 800311s1980 ilua b 001 0 eng |
| 010 ## - LIBRARY OF CONGRESS CONTROL NUMBER | |
| LC control number | 80103021 |
| 020 ## - INTERNATIONAL STANDARD BOOK NUMBER | |
| International Standard Book Number | 0695277901 |
| 050 00 - LIBRARY OF CONGRESS CALL NUMBER | |
| Classification number | G128 .G75 |
| Item number | .G75 |
| 082 00 - DEWEY DECIMAL CLASSIFICATION NUMBER | |
| Classification number | 910 |
| 100 1# - MAIN ENTRY--PERSONAL NAME | |
| Personal name | Gross, Herbert Henry, |
| Dates associated with a name | 1905- |
| 245 10 - TITLE STATEMENT | |
| Title | World geography / |
| Statement of responsibility, etc. | Herbert H. Gross ; teacher consultants, Roy C. Everson, Jr., ... [et al.]. |
| 260 ## - PUBLICATION, DISTRIBUTION, ETC. | |
| Place of publication, distribution, etc. | Chicago : |
| Name of publisher, distributor, etc. | Follett Pub. Co., |
| Date of publication, distribution, etc. | c1980. |
| 300 ## - PHYSICAL DESCRIPTION | |
| Extent | 544 p. : |
| Other physical details | ill. ; |
| Dimensions | 26 cm. |
| 942 ## - ADDED ENTRY ELEMENTS (KOHA) | |
| Source of classification or shelving scheme | Dewey Decimal Classification |
| Withdrawn status | Lost status | Source of classification or shelving scheme | Damaged status | Not for loan | Home library | Current library | Shelving location | Date acquired | Total checkouts | Full call number | Barcode | Date last seen | Price effective from | Koha item type |
|---|---|---|---|---|---|---|---|---|---|---|---|---|---|---|
| Library of Congress Classification | Main Library | Main Library | 04/12/2021 | G128 .G75 | PIU0005100 | 04/12/2021 | 04/12/2021 | Books |